000 00775cam a22002413a 4500
001 15932
003 PGUSA
005 20140828083336.0
008 050529s2005||||xxu|||||s|||||000 | eng d
040 _aPGUSA
_beng
042 _adc
050 4 _aPJ
100 1 _aBudge, E. A. Wallis,
_cSir
_q(Ernest Alfred Wallis),
_d1857-1934
245 1 4 _aThe Literature of the Ancient Egyptians
_h[electronic resource] /
_cE. A. Wallis, Budge
260 _bProject Gutenberg,
_c2005
506 _aPublic domain in the USA.
516 _aElectronic text
653 _aEgyptian literature -- Translations into English
653 _aEgyptian literature -- History and criticism
830 0 _aProject Gutenberg
_v15932
856 4 0 _uhttp://www.gutenberg.org/ebooks/15932
942 _cEB
999 _c245187
_d245187